Smaller manufacuturers report increase in orders (Record no. 117367)

MARC details
000 -LEADER
fixed length control field 01148cam a2200229 4500
001 - CONTROL NUMBER
control field WB4019-04
008 - FIXED-LENGTH DATA ELEMENTS--GENERAL INFORMATION
fixed length control field 040518n2004 000 0 eng u
035 ## - SYSTEM CONTROL NUMBER
System control number (Sirsi) u126224
245 ## - TITLE STATEMENT
Title Smaller manufacuturers report increase in orders
260 ## - PUBLICATION, DISTRIBUTION, ETC.
Date of publication, distribution, etc. 2004
490 ## - SERIES STATEMENT
Series statement CBI News Release
Volume/sequential designation 14 2004 (3)
520 ## - SUMMARY, ETC.
Summary, etc. CBI latest 'Small and medium firms survey' shows orders rising for the first time in over three years. Total orders rose over the period with 33% of firms saying new orders were up and 28% saying they were down. The balance of plus 5% compares with plus 1% in January 2004 and minus 25% in October 2003. Export orders though were disappointing with no increase recorded in the survey; the strength of sterling was responsible for holding exporters back. For the CBI press release: http://www.cbi.org.uk/ndbs/press.nsf/0363c1f07c6ca 12a8025671c00381cc7/8c865009c129627980256e90004909 89?OpenDocument
590 ## - LOCAL NOTE (RLIN)
Local note WB
590 ## - LOCAL NOTE (RLIN)
Local note WB
650 ## - SUBJECT ADDED ENTRY--TOPICAL TERM
Topical term or geographic name entry element CBI SURVEY
650 ## - SUBJECT ADDED ENTRY--TOPICAL TERM
Topical term or geographic name entry element SMALL FIRMS
650 ## - SUBJECT ADDED ENTRY--TOPICAL TERM
Topical term or geographic name entry element MEDIUM-SIZED BUSINESSES
650 ## - SUBJECT ADDED ENTRY--TOPICAL TERM
Topical term or geographic name entry element ORDERS
650 ## - SUBJECT ADDED ENTRY--TOPICAL TERM
Topical term or geographic name entry element EXPORT ORDERS
690 ## - LOCAL SUBJECT ADDED ENTRY--TOPICAL TERM (OCLC, RLIN)
Topical term or geographic name as entry element ECONOMIC ISSUES
942 ## - ADDED ENTRY ELEMENTS (KOHA)
Suppress in OPAC 0
Holdings
Withdrawn status Lost status Source of classification or shelving scheme Damaged status Not for loan Home library Current library Shelving location Date acquired Total Checkouts Full call number Barcode Date last seen Copy number Price effective from Koha item type
    Dewey Decimal Classification     London London News article 18/05/2004   WB4019-04 126224-1001 06/08/2019 1 06/08/2019 News article